Forest condition in Europe : 1997 executive report
Αποθηκεύτηκε σε:
| Συλλογικό Έργο: | , , |
|---|---|
| Μορφή: | Βιβλίο |
| Γλώσσα: | English |
| Δημοσίευση: |
Brussels; Geneva :
United Nations Economic Commission for Europe, European Commission,
1997
|
| Θέματα: | |
| Ετικέτες: |
Προσθήκη ετικέτας
Δεν υπάρχουν, Καταχωρήστε ετικέτα πρώτοι!
|
MARC
| LEADER | 00000cam a2200000 i 4500 | ||
|---|---|---|---|
| 001 | 1/32514 | ||
| 008 | 030207s1997 eng d | ||
| 022 | |a 1020587X | ||
| 035 | |l 10069349 | ||
| 040 | |a GR-MY-UA |b gre |e aacr | ||
| 041 | 0 | |a eng | |
| 082 | 0 | |a 634.9094 | |
| 110 | 2 | |a Convention on Long-Range Transboundary Air Pollution. | |
| 245 | 1 | 0 | |a Forest condition in Europe : |b 1997 executive report / |c Convention Long-Range Transboundary Air Pollution ; International co-operative Programme on Assessment and Monitoring of Air Pollution Effects on Forests ; European Union Scheme on the Protection of Forests Against Atmospheric Pollution |
| 260 | |a Brussels; Geneva : |b United Nations Economic Commission for Europe, |b European Commission, |c 1997 | ||
| 300 | |a 41 p. |b fig.; tables | ||
| 500 | |a Prepared by: Federal Research Centre for Forestry and Forest Products | ||
| 650 | 0 | 0 | |a Forest surveys |z Europe. |
| 650 | 0 | 0 | |a Forests and forestry |z Europe |x Mensuration. |
| 650 | 0 | 0 | |a Trees |x Effect of air pollution on |z Europe. |
| 650 | 0 | 0 | |a Forest conservation |z Europe. |
| 710 | 2 | |a International Co-operative Programme on Assessment and Monitoring of Air Pollution Effects on Forests. | |
| 710 | 2 | |a European Union Scheme on the Protection of Forests Against Atmospheric Pollution. | |
| 852 | |a INST |b LESVOS |e 20030207 |h 634.9094 CON |p 005100024831 |q 005100024831 |t BK |y 0 | ||
| 901 | |a BIBL1-2003-1 | ||
| 909 | |a Λ |b 104166 | ||
| 970 | |a ΤΖΑΦΕΡΗ |b ΕΥΑΓΓΕΛΙΑ |z 2003/02/07 | ||